|
|
|
|
| LEADER |
00000cam a2200000 7i4500 |
| 001 |
0000074008 |
| 005 |
20170614.0 |
| 008 |
170614 |
| 020 |
|
|
|a 1573351768
|
| 020 |
|
|
|a 1858302560 (set)
|
| 090 |
0 |
0 |
|a CT
|b ENG
|
| 245 |
0 |
0 |
|a Ali baba
|
| 260 |
|
|
|a New york :
|b Shooting star press inc. ,
|c 1995
|
| 999 |
|
|
|a 0000774732
|b Book
|c Children Collection
|e Cawangan Pontian
|
| 999 |
|
|
|a 0000774735
|b Book
|c Children Collection
|e Cawangan Pontian
|
| 999 |
|
|
|a 0000774736
|b Book
|c Children Collection
|e Cawangan Pontian
|
| 999 |
|
|
|a 0000789710
|b Book
|c Children Collection
|e Cawangan Segamat
|
| 999 |
|
|
|a 0000789711
|b Book
|c Children Collection
|e Cawangan Segamat
|
| 999 |
|
|
|a 0000789712
|b Book
|c Children Collection
|e Cawangan Segamat
|
| 999 |
|
|
|a 0000789713
|b Book
|c Children Collection
|e Cawangan Segamat
|